Mezanínové financovanie – hybridná forma financovania podnikov

Hybridné formy financovania predstavujú kombináciu určitých vlastností vlastných a cudzích zdrojov v rámci jedného konkrétneho nástroja. Hybridné nástroje ako atraktívna forma financovania, využiteľná napríklad v prípade plánovaného ďalšieho rastu, posilnenia kapitálovej štruktúry, prípadne reštrukt...

Descrizione completa

Salvato in:
Dettagli Bibliografici
Autore principale: Strižencová, Michaela
Natura: Capitolo di libro
Lingua:slovacco
Soggetti:
Tags: Aggiungi Tag
Nessun Tag, puoi essere il primo ad aggiungerne!!

MARC

LEADER 00000nla a2200000 4500
001 0228894
005 20240502073753.0
041 0 |a slo 
044 |a SK 
245 1 0 |a Mezanínové financovanie – hybridná forma financovania podnikov  |c Michaela Strižencová 
520 |a Hybridné formy financovania predstavujú kombináciu určitých vlastností vlastných a cudzích zdrojov v rámci jedného konkrétneho nástroja. Hybridné nástroje ako atraktívna forma financovania, využiteľná napríklad v prípade plánovaného ďalšieho rastu, posilnenia kapitálovej štruktúry, prípadne reštrukturalizácie podniku. 
610 2 0 |a financovanie podnikov 
610 2 0 |a financie podnikové 
610 2 0 |a formy financovania 
610 2 0 |a ciele finančné 
610 2 0 |a hospodárenie finančné 
610 2 0 |a manažment finančný 
100 1 |a Strižencová, Michaela